Open Data Biblioteca Nacional de Portugal


República Portuguesa: Ministério da Cultura
Biblioteca Nacional de Portugal

Catálogo da BNP: acesso por Identificadores Unívocos
Registos Bibliográficos associados ao registo de autoridade

Etiqueta de registo: 00254nam 2200025 450
001 2284312
003 http://id.bnportugal.gov.pt/bib/catbnp/2284312
100 ## $a20260414d2024 k y0pory01030103ba
101 0# $apor$deng
102 ## $aPT
105 ## $ay m 000yy
106 ## $ar
200 1# $a O papel do marketing interno na qualidade do serviço de saúde prestado pelo grupo clínica Santa Madalena$fAntónio Garcia Nunes Morão$gorient. Carlos Figueiredo e Melo de Brito, Sónia Fernanda Moreira Nogueira
210 #9 $aPorto$c[s.n.],$d2024
215 ## $a180 p.$d30 cm
328 #1 $aTese dout. Ciências Empresariais, Universidade Portucalense, 2024
675 ## $a658.8(043)$vBN$zpor$3326842
675 ## $a005.6(043)$vBN$zpor$31211058
700 #1 $aMorão,$bAntónio Garcia Nunes$31995606
702 #1 $aBrito,$bCarlos Melo$4727$3161476
702 #1 $aNogueira,$bSónia$4727$31596630
801 #0 $aPT$bBN$gRPC
966 ## $lBN$mFGMON$sS.A. 193682 V.$x1
971 ## $cabrito$d20260414
973 ## $cigoulao$d20260421

OpendataBNP@bnportugal.pt | Mais informação sobre acesso aos dados BNP